00738nam a22002057a 4500008004100000010001400041020002600055035001300081037001500094040001800109082001400127100002500141245010500166260003100271270005700302300002900359500005200388650005100440650004100491081201t xxu||||| |||| 00| 0 eng d aENG-91929 a9788172734442c475.00 aEN-75462 bDBAD / PUB adplbEnglish  a398.20954 aBehera, Guru Charan  aAppropriating folk culture:cby Guru Charan Behera ba study of the post-independence Indian drama / aDelhi bAuthorspressc2008 aE-35/103, Jawahar Park, Laxmi Nagar,bDelhi e110092 aviii, 173p. c23cm (Hb)  aIncluses bibliographical references and index  aFolk literaturezIndiaxHistory and criticism. aIndian dramaxHistory and criticism.